000 00614nam a2200241Ia 4500
003 OSt
005 20221006144837.0
006 a|||||r|||| 00| 0
007 ta
008 221006b |||||||| |||| 00| 0 eng d
020 _c
_5.95
024 _a12,905
037 _cTextual
040 _aEASL
_cEASL
_beng
041 _2eng
_aeng
082 _aV41:1958.N7, L4
100 _aSULZBERGER C L
_9111673
245 0 _aColdest war
260 _aNew York
_bHarcourt Brace
_c1974
300 _a114p.
_ccm.
942 _hV41:1958.N7, L4
_cTEXL
_2CC
999 _c1080991
_d1080991